000 00292nam a2200133Ia 4500
003 OSt
005 20240604100046.0
020 _a0-85157-259-6
040 _cLCC
050 _aZ 699 .R 69 1979
100 _aROWLEY,J E
245 0 _aMECHANISED IN-HOUSE INFORMATION SYSTEMS
942 _cBK
_2ddc
999 _c206816
_d206816